| 000 | 00965nam a2200313Ia 4500 | ||
|---|---|---|---|
| 003 | OSt | ||
| 005 | 20221006143308.0 | ||
| 006 | a|||||r|||| 00| 0 | ||
| 007 | ta | ||
| 008 | 221006b |||||||| |||| 00| 0 eng d | ||
| 020 |
_a0520058372 _c¥3100 (each) |
||
| 020 | _a9780520058378 | ||
| 024 | _a8,569 | ||
| 037 |
_bGift, Japan Foundation _cTextual |
||
| 040 |
_aEASL _cEASL _beng |
||
| 041 |
_2eng _aeng |
||
| 082 | _aX8(A).42.N87, M9; | ||
| 100 |
_aSMITH Thomas C. _9130835 |
||
| 245 | 0 | _aNative sources of Japanese industrialization, 1750-1920 | |
| 260 |
_aBerkeley _bUniversity of California Press _c1989 |
||
| 300 |
_a278p. _ccm. |
||
| 490 | _v JEL | ||
| 650 |
_a Japan - industries - history _9649591 |
||
| 650 |
_a Japan - social conditions _9582428 |
||
| 650 | _a JEL | ||
| 650 | _aJapan - economic conditions | ||
| 942 |
_hX8(A).42.N87, M9; _cTEXL _2CC |
||
| 999 |
_c1076655 _d1076655 |
||